| 000 | 00670nam a2200181 i 4500 | ||
|---|---|---|---|
| 001 | 101079 | ||
| 003 | ES-MaACL | ||
| 005 | 20230906182821.0 | ||
| 007 | t| | ||
| 008 | 051011s1910 sp ||||1| spa d | ||
| 100 | 1 |
_aMaura Gamazo, Gabriel, _cDuque de Maura, _d1879-1963 _979221 |
|
| 245 | 1 | 0 |
_aRincones de la historia _b: apuntes para la historia social de España, siglos VIII al XIII / _cGabriel Maura Gamazo. |
| 260 |
_aMadrid : _b[s.n.], _c1910 ( _fTip. de la Revista de Archivos, Bibliotecas y Museos) |
||
| 300 |
_a278 p. ; _c20 cm. |
||
| 651 | 4 |
_aEspaña- _xSituación social- _y0711-1492. _9156778 |
|
| 852 |
_aES-MaACL _jB-13439 |
||
| 999 |
_c101079 _d101079 |
||